Friends Not Masters ; a political biography (Record no. 296751)
[ view plain ]
| 000 -LEADER | |
|---|---|
| fixed length control field | 00344 a2200121 4500 |
| 001 - CONTROL NUMBER | |
| control field | 61678 |
| 082 ## - DEWEY DECIMAL CLASSIFICATION NUMBER | |
| Classification number | 954.9040924 AYU |
| 090 ## - LOCALLY ASSIGNED LC-TYPE CALL NUMBER (OCLC); LOCAL CALL NUMBER (RLIN) | |
| -- | 37113 |
| -- | 37113 |
| 100 ## - MAIN ENTRY--PERSONAL NAME | |
| Personal name | Ayub Khan, Muhammad ; Field Marshall Prresident of Pakistan |
| 245 ## - TITLE STATEMENT | |
| Title | Friends Not Masters ; a political biography |
| 260 ## - PUBLICATION, DISTRIBUTION, ETC. | |
| Place of publication, distribution, etc. | Islamabad |
| Name of publisher, distributor, etc. | Mr Books |
| Date of publication, distribution, etc. | 2006 |
| 300 ## - PHYSICAL DESCRIPTION | |
| Extent | 296 |
| 942 ## - ADDED ENTRY ELEMENTS (KOHA) | |
| Institution code [OBSOLETE] | caenust |
| Call number prefix | 954.9040924 AYU |
| Withdrawn status | Lost status | Damaged status | Not for loan | Collection code | Permanent Location | Current Location | Date acquired | Total Checkouts | Full call number | Barcode | Date last seen | Price effective from | Koha item type |
|---|---|---|---|---|---|---|---|---|---|---|---|---|---|
| College of Aeronautical Engineering (CAE) | College of Aeronautical Engineering (CAE) | 04/03/2017 | 954.9040924 AYU | CAE82063 | 04/05/2017 | 04/05/2017 | Book |
